000 00382nam a2200169Ia 4500
005 20250425162317.0
008 250425s9999 xx 000 0 und d
041 _aspa
245 0 _aLOS SECRTOS DE WINDOWS NT 4.0
250 _a1A ED.
260 _aEstados Unidos
_bANAYA
_c1984
260 _aINDIANAPOLIS
300 _a724
500 _a5.8
942 _c01
010 _a60724
999 _c226603
_d226603